000 00314nam a22001217a 4500
082 _aP-158
100 _aCapt Imran Ali
_947596
245 _aConcrete practiicals note book concrete technology-1
_cCapt Imran Ali
260 _c21-4-2000
526 _a0
_b0
_c0
_dP_158
650 _aProject
_947597
942 _2ddc
_cBK
999 _c550789
_d550789